La Crisis de la democracia liberal en Costa Rica: interpretación y perspectiva
Сохранить в:
| Главный автор: | |
|---|---|
| Формат: | Текст |
| Опубликовано: |
San José:
EDUCA
|
| Метки: |
Добавить метку
Нет меток, Требуется 1-ая метка записи!
|
MARC
| LEADER | 00000 a a2200000 04500 | ||
|---|---|---|---|
| 001 | 25755 | ||
| 003 | |||
| 040 | |||
| 090 | |a 173700 | ||
| 100 | |a Cerdas Cruz, Rodolfo | ||
| 245 | |a La Crisis de la democracia liberal en Costa Rica: interpretación y perspectiva | ||
| 260 | |a San José: |b EDUCA | ||
| 300 | |a 191 p | ||
| 500 | |a Disponible también la 2ª ed | ||
| 999 | |c 15694 |d 15694 | ||
